| 000 | 00696nam a2200157 a 4500 | ||
|---|---|---|---|
| 008 | 120416s1956 ||||||||||||||||| || u | ||
| 050 | _aDT 31 Hod | ||
| 100 | _aHodgkin, Thomas | ||
| 245 | 1 | 0 | _aNationalism in colonial Africa |
| 260 |
_aLondon _bMuller _c1956 |
||
| 350 | _a0.00 | ||
| 650 | 0 | _aAFRICA--HISTORY | |
| 650 | _aAFRICA--HISTORY, NATIONALISM | ||
| 995 |
_aMAIN LIBRARY OPEN ACCESS _D0.00 _e709873 _FCBU-MAIN LIBRARY (Kitwe) _H1 _I15.00 _jDT 31 Hod _M1 _UAVAILABLE _WAug 2, 2006 _y000722 _ZMain Library Open Access Collection |
||
| 995 |
_aMAIN LIBRARY OPEN ACCESS _D0.00 _e709872 _FCBU-MAIN LIBRARY (Kitwe) _H2 _I15.00 _jDT 31 Hod _M2 _UAVAILABLE _WAug 2, 2006 _y000723 _ZMain Library Open Access Collection |
||
| 999 |
_c78726 _d78726 |
||